[Event "CAN-op"]
[Site "Laval CAN"]
[Date "2024.07.13"]
[Round "1.22"]
[White "Lawson, Eric"]
[Black "Douglas, Richard"]
[Result "1/2-1/2"]
[WhiteElo "2190"]
[BlackElo "1863"]
[PlyCount "96"]
[EventDate "2024.07.13"]
[EventType "swiss"]
[EventRounds "9"]
[EventCountry "CAN"]

1. e4 Nf6 2. e5 Nd5 3. d4 d6 4. Nf3 dxe5 5. Nxe5 g6 6. Bc4 c6 7. O-O Bg7 8. Re1
O-O 9. c3 Nd7 10. Nxd7 Bxd7 11. Nd2 b5 12. Bf1 Qc7 13. Ne4 e5 14. dxe5 Bxe5 15.
Bh6 Rfe8 16. g3 Rad8 17. Qf3 Bf5 18. h3 b4 19. c4 Bxe4 20. Qxe4 Nf6 21. Qc2 c5
22. a3 Bd4 23. Bf4 Qb6 24. axb4 cxb4 25. Rad1 Rxe1 26. Rxe1 b3 27. Qd2 Bc5 28.
Qe2 Re8 29. Be3 Bxe3 30. fxe3 Ne4 31. Qf3 Nd2 32. Qf2 Nxf1 33. Rxf1 Qxe3 34.
Qxe3 Rxe3 35. Kf2 Rd3 36. Ra1 Rd2+ 37. Ke3 Rxb2 38. Rxa7 Rg2 39. Rb7 Rxg3+ 40.
Kd4 Rxh3 41. c5 Rh4+ 42. Kd5 Rh3 43. c6 Rc3 44. c7 Kg7 45. Kd6 h5 46. Rxb3 Rxb3
47. c8=Q Rb6+ 48. Ke5 Re6+ 1/2-1/2

[Event "CAN-op"]
[Site "Laval CAN"]
[Date "2024.07.14"]
[Round "2.31"]
[White "Ghnatios, Ralph"]
[Black "Lawson, Eric"]
[Result "0-1"]
[WhiteElo "1880"]
[BlackElo "2190"]
[PlyCount "64"]
[EventDate "2024.07.13"]
[EventType "swiss"]
[EventRounds "9"]
[EventCountry "CAN"]

1. e4 c5 2. Nc3 d6 3. Nf3 Nf6 4. d4 cxd4 5. Nxd4 a6 6. Bd3 e5 7. Nde2 Be7 8.
O-O O-O 9. Bg5 Be6 10. f4 exf4 11. Nxf4 Bg4 12. Qe1 h6 13. Bxf6 Bxf6 14. e5
dxe5 15. Nfd5 Bg5 16. Qe4 f5 17. Qxe5 Nc6 18. Qe6+ Kh8 19. h3 Re8 20. Qf7 Ne5
21. Qc7 Nxd3 22. cxd3 Be2 23. Rxf5 Bxd3 24. Rf7 Qxc7 25. Nxc7 Rf8 26. Rd7 Bf5
27. Nxa8 Bxd7 28. Nc7 Be3+ 29. Kh1 Rf2 30. N7d5 Bd4 31. Rb1 Bc6 32. a4 Bxc3 0-1

[Event "CAN-op"]
[Site "Laval CAN"]
[Date "2024.07.14"]
[Round "3.18"]
[White "Lawson, Eric"]
[Black "Pollitt, Henry"]
[Result "1-0"]
[WhiteElo "2190"]
[BlackElo "1807"]
[PlyCount "135"]
[EventDate "2024.07.13"]
[EventType "swiss"]
[EventRounds "9"]
[EventCountry "CAN"]

1. e4 e6 2. d4 d5 3. e5 c5 4. c3 Nc6 5. Nf3 Bd7 6. a3 c4 7. g3 Na5 8. Nbd2 Qc7
9. Bg2 f6 10. O-O O-O-O 11. Re1 Ne7 12. exf6 gxf6 13. Bh3 Qb6 14. Rb1 Ng6 15.
b4 cxb3 16. Nxb3 Nxb3 17. Rxb3 Qd6 18. Qd3 Bg7 19. c4 e5 20. Bxd7+ Rxd7 21.
dxe5 Nxe5 22. Nxe5 fxe5 23. cxd5 Qxd5 24. Qxd5 Rxd5 25. Be3 b6 26. Kg2 Rhd8 27.
Rc1+ Kb7 28. Rc4 Rd3 29. Rxd3 Rxd3 30. Rh4 h6 31. g4 Rxa3 32. Bxh6 Bxh6 33.
Rxh6 Ra4 34. h3 b5 35. g5 Rf4 36. g6 Rf8 37. g7 Rg8 38. Rg6 b4 39. Rg3 Kc6 40.
h4 b3 41. Rc3+ Kd5 42. Rxb3 Rxg7+ 43. Kh3 Kc4 44. Re3 Kd4 45. h5 a5 46. Kh4 a4
47. h6 Rf7 48. Re2 a3 49. Kg5 Rb7 50. f3 Rb2 51. Re4+ Kd5 52. Kf5 Rh2 53. Rxe5+
Kd6 54. Re6+ Kd5 55. Ra6 a2 56. f4 Rxh6 57. Rxa2 Rh1 58. Rd2+ Kc6 59. Kg6 Rg1+
60. Kf6 Kc7 61. f5 Rf1 62. Kg6 Rg1+ 63. Kf7 Rf1 64. f6 Rf3 65. Kg7 Rg3+ 66. Kf8
Rf3 67. f7 Rg3 68. Rd4 1-0

[Event "CAN-op"]
[Site "Laval CAN"]
[Date "2024.07.15"]
[Round "4.8"]
[White "Tarjan, James"]
[Black "Lawson, Eric"]
[Result "1/2-1/2"]
[WhiteElo "2295"]
[BlackElo "2190"]
[PlyCount "65"]
[EventDate "2024.07.13"]
[EventType "swiss"]
[EventRounds "9"]
[EventCountry "CAN"]

1. c4 e5 2. Nc3 Nf6 3. g3 c6 4. Nf3 e4 5. Nd4 Qb6 6. Nb3 a5 7. d3 a4 8. Nd2
exd3 9. Bg2 Bb4 10. O-O O-O 11. exd3 Qa5 12. Nde4 Nxe4 13. Nxe4 d5 14. cxd5
cxd5 15. a3 dxe4 16. axb4 Qxb4 17. Bxe4 Nd7 18. Qd2 Qxd2 19. Bxd2 Nc5 20. Bb4
Nxe4 21. dxe4 Re8 22. f3 Bd7 23. Rfd1 Bc6 24. Kf2 Rad8 25. g4 f6 26. Bc3 Rxd1
27. Rxd1 h6 28. h4 Re7 29. g5 hxg5 30. hxg5 Rd7 31. Rg1 Kf7 32. Rg4 Rd3 33.
gxf6 1/2-1/2

[Event "CAN-op"]
[Site "Laval CAN"]
[Date "2024.07.16"]
[Round "5.12"]
[White "Lawson, Eric"]
[Black "Wang, Derek"]
[Result "1/2-1/2"]
[WhiteElo "2190"]
[BlackElo "2078"]
[PlyCount "92"]
[EventDate "2024.07.13"]
[EventType "swiss"]
[EventRounds "9"]
[EventCountry "CAN"]

1. e4 c5 2. Nf3 e6 3. d4 cxd4 4. Nxd4 Nf6 5. Nc3 Nc6 6. Ndb5 Bc5 7. Nd6+ Ke7 8.
Bf4 e5 9. Nf5+ Kf8 10. Bg5 d6 11. Ne3 Be6 12. Qd2 h6 13. Bxf6 Qxf6 14. Ncd5 Qg6
15. f3 a5 16. c3 Qg5 17. a4 Kg8 18. Bc4 Kh7 19. g3 Rac8 20. b3 Rhe8 21. O-O-O
Ne7 22. Nc2 Qxd2+ 23. Rxd2 Nc6 24. Rhd1 f5 25. exf5 Bxf5 26. Bd3 Bxd3 27. Rxd3
e4 28. fxe4 Rxe4 29. Rf1 Ne5 30. Rd2 Rb8 31. Rf4 Rxf4 32. gxf4 Nf3 33. Re2 b5
34. b4 Bg1 35. bxa5 bxa4 36. Ncb4 Bc5 37. a6 h5 38. Ra2 h4 39. h3 Ng1 40. Rxa4
Nxh3 41. a7 Ra8 42. Nc6 Nf2 43. f5 h3 44. Nc7 Rxa7 45. Nxa7 Bb4 46. Kc2 h2
1/2-1/2

[Event "CAN-op"]
[Site "Laval CAN"]
[Date "2024.07.16"]
[Round "6.15"]
[White "Aljo, Johan"]
[Black "Lawson, Eric"]
[Result "0-1"]
[WhiteElo "1900"]
[BlackElo "2190"]
[PlyCount "82"]
[EventDate "2024.07.13"]
[EventType "swiss"]
[EventRounds "9"]
[EventCountry "CAN"]

1. d4 d5 2. c4 c6 3. cxd5 cxd5 4. Bf4 Nc6 5. e3 Nf6 6. Nc3 Bf5 7. Nf3 e6 8. Qb3
Bb4 9. Bb5 O-O 10. O-O Bxc3 11. Qxc3 Ne4 12. Qa3 g5 13. Bxc6 bxc6 14. Bg3 f6
15. Rfd1 h5 16. Nd2 h4 17. Nxe4 dxe4 18. Bd6 Rf7 19. f3 Rd7 20. Bb4 Rg7 21. Kf2
Qe8 22. Rh1 g4 23. f4 g3+ 24. hxg3 hxg3+ 25. Ke2 c5 26. Bxc5 Qb5+ 27. Kd2 Bg4
28. Rae1 Bf3 29. Rhg1 Rb8 30. b4 a5 31. Qb3 Qa6 32. f5 Kf7 33. Qxe6+ Qxe6 34.
fxe6+ Kxe6 35. gxf3 exf3 36. Ref1 f2 37. Rg2 Rg5 38. Ke2 Kd5 39. Kf3 Rf5+ 40.
Kg4 Ke4 41. Rxg3 Rh8 0-1

[Event "CAN-op"]
[Site "Laval CAN"]
[Date "2024.07.17"]
[Round "7.7"]
[White "Lawson, Eric"]
[Black "Jaferian, Koosha"]
[Result "1-0"]
[WhiteElo "2190"]
[BlackElo "2238"]
[PlyCount "105"]
[EventDate "2024.07.13"]
[EventType "swiss"]
[EventRounds "9"]
[EventCountry "CAN"]

1. e4 e5 2. Nf3 Nc6 3. Bc4 Nf6 4. d3 Bc5 5. c3 a6 6. O-O d6 7. a4 Ba7 8. Re1
O-O 9. h3 h6 10. Nbd2 Re8 11. b4 Be6 12. Bxe6 Rxe6 13. Bb2 Ne7 14. Nf1 Ng6 15.
c4 c6 16. a5 Qd7 17. Ng3 Rd8 18. Qb3 Qe8 19. Rad1 d5 20. Nf5 Bb8 21. g3 Ne7 22.
N3h4 Nxf5 23. Nxf5 Kh7 24. Bc1 dxe4 25. dxe4 Rxd1 26. Rxd1 g6 27. Qe3 Ng8 28.
Nxh6 Rd6 29. Rxd6 Bxd6 30. Nxg8 Kxg8 31. Bd2 Qe6 32. Qd3 Be7 33. Kg2 Bf6 34.
Be3 Kh7 35. h4 Qg4 36. Kf1 Kg7 37. Bc5 Qh3+ 38. Ke2 Kh7 39. Qd6 Bg7 40. Qe7
Qg4+ 41. f3 Qxg3 42. Qxf7 Qxh4 43. Qxb7 Qh1 44. Qxc6 Qb1 45. Qd5 Qc2+ 46. Kf1
Qc1+ 47. Kg2 Qb2+ 48. Bf2 Qxb4 49. c5 Qxa5 50. c6 Qc3 51. Qc5 Qd2 52. c7 Qg5+
53. Kf1 1-0

[Event "Maplewood Pro Cup"]
[Site "Montreal CAN"]
[Date "2024.05.31"]
[Round "1.10"]
[White "Jacquet, Stephane"]
[Black "Lawson, Eric"]
[Result "1/2-1/2"]
[WhiteElo "1907"]
[BlackElo "2205"]
[PlyCount "61"]
[EventDate "2024.05.31"]
[EventType "swiss"]
[EventRounds "6"]
[EventCountry "CAN"]

1. d4 Nf6 2. c4 e6 3. Nf3 Bb4+ 4. Nbd2 c5 5. a3 Bxd2+ 6. Qxd2 cxd4 7. Nxd4 O-O
8. g3 d5 9. cxd5 Qxd5 10. Nf3 Nc6 11. Bg2 Qb3 12. Nd4 Nxd4 13. Qxd4 Re8 14. O-O
e5 15. Qe3 Qc2 16. h3 Bd7 17. Bd2 Bc6 18. Rac1 Qxb2 19. Rxc6 bxc6 20. Bxc6 Red8
21. Bc3 Qxa3 22. Bxa8 Rxa8 23. Qxe5 Re8 24. Qd4 Qe7 25. Ra1 Ra8 26. Ra6 h6 27.
e4 Qxe4 28. Qxe4 Nxe4 29. Bd4 Ng5 30. Kg2 Ne6 31. Be3 1/2-1/2

[Event "Maplewood Pro Cup"]
[Site "Montreal CAN"]
[Date "2024.06.01"]
[Round "2.10"]
[White "Lawson, Eric"]
[Black "Di Matteo, Alessio"]
[Result "1-0"]
[WhiteElo "2205"]
[BlackElo "1847"]
[PlyCount "65"]
[EventDate "2024.05.31"]
[EventType "swiss"]
[EventRounds "6"]
[EventCountry "CAN"]

1. e4 e6 2. b3 c5 3. g3 b6 4. Bg2 Bb7 5. d4 cxd4 6. Qxd4 Nc6 7. Qd2 Qc7 8. Ne2
Nf6 9. c4 d5 10. exd5 exd5 11. cxd5 Nb4 12. Nbc3 Qd7 13. O-O O-O-O 14. Nf4 g5
15. Bh3 g4 16. Bg2 h5 17. Bb2 Qf5 18. Rac1 Kb8 19. Ne4 Nxe4 20. Bxe4 Qxe4 21.
Bxh8 Bc5 22. Rc4 Qf5 23. Bd4 Ba6 24. Bxc5 Bxc4 25. Bxb4 Bxf1 26. Kxf1 Re8 27.
Qd3 Re4 28. Bd2 Kb7 29. Qc3 h4 30. gxh4 Re7 31. Qc6+ Ka6 32. d6 Rd7 33. Qc8+
1-0

[Event "Maplewood Pro Cup"]
[Site "Montreal CAN"]
[Date "2024.06.01"]
[Round "3.6"]
[White "Clyde, Jordan"]
[Black "Lawson, Eric"]
[Result "1/2-1/2"]
[WhiteElo "2066"]
[BlackElo "2205"]
[PlyCount "49"]
[EventDate "2024.05.31"]
[EventType "swiss"]
[EventRounds "6"]
[EventCountry "CAN"]

1. e4 c5 2. Nc3 Nc6 3. Bb5 g6 4. Bxc6 dxc6 5. d3 Bg7 6. f4 c4 7. Nf3 cxd3 8.
cxd3 c5 9. Be3 b6 10. d4 cxd4 11. Bxd4 Nf6 12. Bxf6 exf6 13. Qxd8+ Kxd8 14.
Rd1+ Bd7 15. O-O Kc8 16. Nd5 Rd8 17. Rc1+ Kb7 18. Rc7+ Ka6 19. Nb4+ Kb5 20. a3
Be8 21. Nd5 Ka6 22. Nb4+ Kb5 23. Nd5 Ka6 24. Nb4+ Kb5 25. Nd5 1/2-1/2

[Event "Maplewood Pro Cup"]
[Site "Montreal CAN"]
[Date "2024.06.01"]
[Round "4.6"]
[White "Lawson, Eric"]
[Black "Genzling, Jerome"]
[Result "0-1"]
[WhiteElo "2205"]
[BlackElo "1989"]
[PlyCount "82"]
[EventDate "2024.05.31"]
[EventType "swiss"]
[EventRounds "6"]
[EventCountry "CAN"]

1. e4 c5 2. Nf3 Nc6 3. d4 cxd4 4. Nxd4 g6 5. c4 Bg7 6. Be3 Nf6 7. Nc3 d6 8. Be2
O-O 9. O-O Bd7 10. Qd2 Nxd4 11. Bxd4 Bc6 12. f3 a5 13. b3 Nd7 14. Be3 Nc5 15.
Rab1 Qb6 16. Rfc1 Qb4 17. Rc2 Rfb8 18. Qc1 Qb6 19. a3 Qd8 20. Qe1 a4 21. b4 Nb3
22. Qf2 Bxc3 23. Rxc3 Rc8 24. h4 Qf8 25. h5 Qg7 26. Rc2 Qe5 27. hxg6 hxg6 28.
Bd3 b5 29. c5 dxc5 30. Bxc5 Rd8 31. Bf1 Rac8 32. Bb6 Rd6 33. g3 Kg7 34. Bg2
Bxe4 35. Rxc8 Bxb1 36. Bf1 Rd2 37. Rc5 Qd6 38. Bc7 Rxf2 39. Bxd6 exd6 40. Rc3
Rc2 41. Rd3 Nd2 0-1

[Event "Germain Laplante op"]
[Site "Chambly CAN"]
[Date "2024.04.26"]
[Round "1.6"]
[White "Di Matteo, Alessio"]
[Black "Lawson, Eric"]
[Result "1-0"]
[WhiteElo "1922"]
[BlackElo "2352"]
[PlyCount "95"]
[EventDate "2024.04.26"]
[EventType "swiss"]
[EventRounds "5"]
[EventCountry "CAN"]

1. d4 d5 2. c4 c6 3. Nf3 Nf6 4. Nc3 e6 5. g3 Nbd7 6. Bg2 dxc4 7. O-O b5 8. e4
Bb7 9. e5 Nd5 10. Ng5 h6 11. Nxe6 fxe6 12. Qh5+ Ke7 13. Ne4 Qe8 14. Bg5+ hxg5
15. Qxh8 Kd8 16. Nxg5 Qe7 17. Qh5 Kc7 18. a4 Kb6 19. Bxd5 cxd5 20. axb5 Kxb5
21. Qg6 Qe8 22. Qxe8 Rxe8 23. Rxa7 Kb6 24. Raa1 Nb8 25. f4 Nc6 26. Rad1 Bc8 27.
h4 g6 28. Kg2 Re7 29. Rh1 Ra7 30. Ra1 Rb7 31. h5 gxh5 32. Rxh5 Kc7 33. Rh7+ Be7
34. Ra2 Bd7 35. Nf3 Be8 36. Rg7 Kd7 37. g4 Nb4 38. Ra8 Nd3 39. f5 exf5 40. gxf5
Nf4+ 41. Kf1 Nh5 42. Rg8 Bf7 43. e6+ Bxe6 44. Ne5+ Kc7 45. fxe6 Bf6 46. Rgc8+
Kd6 47. Rc6+ Ke7 48. Ng6# 1-0

[Event "Germain Laplante op"]
[Site "Chambly CAN"]
[Date "2024.04.27"]
[Round "2.14"]
[White "Lawson, Eric"]
[Black "Boulay, David"]
[Result "1-0"]
[WhiteElo "2352"]
[BlackElo "1991"]
[PlyCount "90"]
[EventDate "2024.04.26"]
[EventType "swiss"]
[EventRounds "5"]
[EventCountry "CAN"]

1. e4 c5 2. Nf3 d6 3. d4 cxd4 4. Nxd4 Nf6 5. Nc3 a6 6. b3 e6 7. Bb2 Nbd7 8. Qe2
b5 9. a3 Bb7 10. O-O-O Qc7 11. Kb1 d5 12. exd5 Nxd5 13. Nxd5 Bxd5 14. Nxb5 axb5
15. Rxd5 Bxa3 16. Bxg7 Rg8 17. Bd4 Be7 18. Rxb5 Bf6 19. Bxf6 Nxf6 20. Qe5 Qd8
21. Bc4 Rxg2 22. Rb7 Kf8 23. f4 Qa5 24. Qxa5 Rxa5 25. Rd1 Rf5 26. Rd8+ Kg7 27.
Bxe6 Rxf4 28. Rxf7+ Kh6 29. Rdf8 Rgf2 30. Bc4 Kg5 31. Bd3 h5 32. Ka2 Nd5 33.
Rxf4 Nxf4 34. Be4 Rxh2 35. b4 Re2 36. Re8 h4 37. Kb3 h3 38. Bc6 Rxe8 39. Bxe8
Kh4 40. Bc6 Ng2 41. b5 Kg3 42. b6 h2 43. b7 h1=Q 44. b8=Q+ Kf2 45. Qf8+ Ke3 1-0

[Event "Germain Laplante op"]
[Site "Chambly CAN"]
[Date "2024.04.27"]
[Round "3.9"]
[White "Landry, Sylvain"]
[Black "Lawson, Eric"]
[Result "0-1"]
[WhiteElo "1914"]
[BlackElo "2352"]
[PlyCount "50"]
[EventDate "2024.04.26"]
[EventType "swiss"]
[EventRounds "5"]
[EventCountry "CAN"]

1. e4 c5 2. Nf3 d6 3. d4 cxd4 4. Nxd4 Nf6 5. Nc3 g6 6. h3 e5 7. Nf3 Be7 8. g4
h6 9. Rg1 Nbd7 10. g5 hxg5 11. Nxg5 Nc5 12. Bc4 Ne6 13. Nxe6 Bxe6 14. Bxe6 fxe6
15. Qf3 Rh7 16. Be3 Rc8 17. Qg3 Qa5 18. Bd2 Qc7 19. Qxg6+ Kd7 20. f4 exf4 21.
e5 dxe5 22. Rd1 Kc6 23. Ne4 Bc5 24. Qg2 Kb6 25. Rf1 Qc6 0-1

[Event "Germain Laplante op"]
[Site "Chambly CAN"]
[Date "2024.04.28"]
[Round "4.5"]
[White "Lawson, Eric"]
[Black "Vaillant, Charles-Etienne"]
[Result "1-0"]
[WhiteElo "2352"]
[BlackElo "1939"]
[PlyCount "99"]
[EventDate "2024.04.26"]
[EventType "swiss"]
[EventRounds "5"]
[EventCountry "CAN"]

1. e4 c5 2. Nf3 e6 3. d4 cxd4 4. Nxd4 Nc6 5. Nc3 Qc7 6. Be3 a6 7. Qf3 Bd6 8.
Nxc6 bxc6 9. Bd4 Be5 10. Bxe5 Qxe5 11. Qg3 Qxg3 12. hxg3 d5 13. g4 Ne7 14.
O-O-O a5 15. g5 Ba6 16. Bxa6 Rxa6 17. Rd3 Kf8 18. Rdh3 Rb6 19. Rxh7 Rxh7 20.
Rxh7 Kg8 21. Rh1 Ng6 22. g3 Ne5 23. exd5 cxd5 24. Rh4 Rc6 25. f4 d4 26. Ne2 Nf3
27. Rh1 d3 28. Nc3 d2+ 29. Kd1 Rd6 30. Rf1 Nd4 31. Rf2 Nf5 32. Rf3 Rb6 33. b3
Rd6 34. Ne4 Rd4 35. Nxd2 a4 36. c3 Rd8 37. Kc2 Ra8 38. b4 Rc8 39. Rd3 Ne7 40.
c4 Nd5 41. a3 Nb6 42. Kc3 Nd5+ 43. Kd4 Nb6 44. c5 Nd5 45. Nc4 Rb8 46. Nd6 Nxb4
47. axb4 Rxb4+ 48. Kc3 Rb3+ 49. Kc4 Rb8 50. c6 1-0

[Event "Germain Laplante op"]
[Site "Chambly CAN"]
[Date "2024.04.28"]
[Round "5.4"]
[White "Genzling, Jerome"]
[Black "Lawson, Eric"]
[Result "1/2-1/2"]
[WhiteElo "2019"]
[BlackElo "2352"]
[PlyCount "91"]
[EventDate "2024.04.26"]
[EventType "swiss"]
[EventRounds "5"]
[EventCountry "CAN"]

1. e4 c5 2. Nf3 d6 3. d4 cxd4 4. Nxd4 Nf6 5. Nc3 a6 6. g3 e5 7. Nde2 Be7 8. Bg2
O-O 9. h3 b5 10. Be3 Bb7 11. O-O b4 12. Nd5 Bxd5 13. exd5 Nbd7 14. a3 Qb8 15.
Qd3 Rc8 16. axb4 Qxb4 17. c3 Qb5 18. Rfd1 Qxd3 19. Rxd3 Bd8 20. f4 a5 21. Rdd1
Rab8 22. Rdb1 Nb6 23. fxe5 dxe5 24. Bxb6 Bxb6+ 25. Kf1 e4 26. Rd1 Rc5 27. b4
axb4 28. cxb4 Rxd5 29. Rxd5 Nxd5 30. Bxe4 Nxb4 31. Ra8 Rxa8 32. Bxa8 f5 33. g4
fxg4 34. hxg4 Nc2 35. Kg2 g6 36. Nf4 Kg7 37. Bb7 Ba7 38. Kf3 Kf6 39. Bc8 Bb8
40. Ne6 Bd6 41. Ke4 h6 42. Nd4 Nb4 43. Bd7 Bc5 44. Ne6 Bb6 45. Nf4 Bc7 46. Nd5+
1/2-1/2

[Event "CAN-ch"]
[Site "Toronto CAN"]
[Date "2024.03.27"]
[Round "1.27"]
[White "Lawson, Eric"]
[Black "Yang, Lefan"]
[Result "1/2-1/2"]
[WhiteElo "2192"]
[BlackElo "1942"]
[PlyCount "72"]
[EventDate "2024.03.27"]
[EventType "swiss"]
[EventRounds "10"]
[EventCountry "CAN"]

1. e4 c5 2. Nf3 Nc6 3. d4 cxd4 4. Nxd4 Nf6 5. Nc3 e5 6. Ndb5 d6 7. Bg5 a6 8.
Na3 b5 9. Nab1 Be7 10. Bxf6 Bxf6 11. a4 b4 12. Nd5 Be6 13. Bd3 Bxd5 14. exd5
Nb8 15. a5 Nd7 16. Qg4 Nc5 17. Nd2 Nxd3+ 18. cxd3 O-O 19. Nc4 Rb8 20. Nb6 e4
21. Rb1 Bd4 22. Nc4 Qf6 23. O-O exd3 24. Qe4 d2 25. Qd3 Rb5 26. Qxd2 Rxd5 27.
Rbd1 Qh4 28. b3 Be5 29. g3 Rxd2 30. gxh4 Rc2 31. f4 Bf6 32. Rxd6 h5 33. Ne5
Bxe5 34. fxe5 Rb2 35. Rxa6 Rxb3 36. Rb6 Ra3 1/2-1/2

[Event "CAN-ch"]
[Site "Toronto CAN"]
[Date "2024.03.28"]
[Round "2.16"]
[White "Song, Ethan"]
[Black "Lawson, Eric"]
[Result "0-1"]
[WhiteElo "2208"]
[BlackElo "2192"]
[PlyCount "126"]
[EventDate "2024.03.27"]
[EventType "swiss"]
[EventRounds "10"]
[EventCountry "CAN"]

1. e4 c5 2. Nf3 d6 3. Bb5+ Nd7 4. O-O a6 5. Bd3 Ngf6 6. Re1 e6 7. c3 Be7 8. Bc2
b5 9. d4 Bb7 10. Qe2 Qc7 11. Bf4 Rc8 12. Bd3 c4 13. Bc2 e5 14. Bg3 Nh5 15. Nbd2
Nxg3 16. hxg3 O-O 17. d5 g6 18. Nf1 h5 19. Qd2 Nf6 20. Ne3 Kg7 21. Nh4 Rh8 22.
Qe2 Qd7 23. a4 Ng4 24. Bd1 Nxe3 25. Qxe3 Rc5 26. Rf1 Qd8 27. f4 exf4 28. Qxf4
Rf8 29. Nf3 Bf6 30. Be2 Re8 31. Rf2 Rc7 32. axb5 axb5 33. Raf1 Kg8 34. Bd1 Bc8
35. Bc2 Bg4 36. Qd2 Bxf3 37. Rxf3 Be5 38. Qh6 Bg7 39. Qf4 Be5 40. Qh6 Rce7 41.
Qg5 Ra7 42. Qh6 Ree7 43. Qg5 Red7 44. Qh6 Ra8 45. Bd1 Qf8 46. Qg5 Kg7 47. g4
hxg4 48. Qxg4 Qd8 49. Rh3 Ra1 50. Rh4 Rda7 51. Qh3 Kg8 52. Rh6 Rb1 53. Qe3 Raa1
54. Qf3 Qe7 55. Be2 Qa7+ 56. Kh1 Rxf1+ 57. Bxf1 Rb1 58. Rh4 Qa1 59. Kg1 Rxb2
60. Qh3 Qa7+ 61. Kh1 Qc7 62. Rh6 Rb1 63. g3 b4 0-1

[Event "CAN-ch"]
[Site "Toronto CAN"]
[Date "2024.03.28"]
[Round "3.6"]
[White "Lawson, Eric"]
[Black "Sambuev, Bator"]
[Result "0-1"]
[WhiteElo "2192"]
[BlackElo "2462"]
[PlyCount "104"]
[EventDate "2024.03.27"]
[EventType "swiss"]
[EventRounds "10"]
[EventCountry "CAN"]

1. e4 e5 2. Nf3 Nc6 3. Bc4 Nf6 4. d3 Bc5 5. c3 d6 6. O-O a5 7. Re1 Ba7 8. Bb3
O-O 9. h3 Be6 10. Ba4 Ne7 11. Be3 Bxe3 12. Rxe3 Ng6 13. Nbd2 h6 14. d4 c6 15.
Bc2 b5 16. Bd3 a4 17. a3 Qc7 18. Rc1 Rfb8 19. Bf1 c5 20. d5 Bd7 21. Ne1 Nh7 22.
Be2 Nf4 23. Bg4 Rf8 24. Bxd7 Qxd7 25. c4 f5 26. Nd3 bxc4 27. Nxc4 fxe4 28. Nxf4
exf4 29. Rxe4 Ng5 30. Re6 Nxe6 31. dxe6 Qxe6 32. Qxd6 Qxd6 33. Nxd6 Rfd8 34.
Ne4 Rab8 35. Nxc5 Rdc8 36. Rc3 Rxb2 37. Nxa4 Rxc3 38. Nxc3 Kf7 39. f3 Ke6 40.
Ne4 Kd5 41. h4 Ke5 42. Kh2 Ra2 43. Kh3 Rxa3 44. Kg4 Ra1 45. Nf2 Ra3 46. Nh3 Ra4
47. Nf2 Rd4 48. Nh3 g6 49. h5 g5 50. g3 Rd2 51. gxf4+ gxf4 52. Kh4 Rg2 0-1

[Event "CAN-ch"]
[Site "Toronto CAN"]
[Date "2024.03.29"]
[Round "4.18"]
[White "Liu, Henry"]
[Black "Lawson, Eric"]
[Result "0-1"]
[WhiteElo "1996"]
[BlackElo "2192"]
[PlyCount "108"]
[EventDate "2024.03.27"]
[EventType "swiss"]
[EventRounds "10"]
[EventCountry "CAN"]

1. d4 d5 2. Bf4 c5 3. Nc3 Nc6 4. e4 cxd4 5. exd5 dxc3 6. dxc6 Qxd1+ 7. Rxd1
bxc6 8. Bc7 e6 9. Rd8+ Ke7 10. b3 Nf6 11. Ba6 Bb7 12. Rxa8 Bxa8 13. Nf3 Nd5 14.
Ba5 f6 15. Bc4 Kd7 16. O-O e5 17. Rd1 Bd6 18. Kf1 Ke7 19. Ng1 Bc5 20. Ne2 Nb4
21. Bxb4 Bxb4 22. Rd3 Rd8 23. Rxd8 Kxd8 24. Bg8 h6 25. Ng3 Bb7 26. Nf5 Ke8 27.
Be6 Ba6+ 28. Ke1 Kf8 29. g4 Bd3 30. Ne3 Bg6 31. Bd7 Be8 32. Bc8 Bc5 33. Nf5 h5
34. h3 g6 35. Ng3 hxg4 36. hxg4 Ke7 37. Ne4 Bd4 38. Ke2 c5 39. f3 Bb5+ 40. Ke1
a5 41. a4 Bc6 42. Ba6 f5 43. gxf5 gxf5 44. Ng3 Kf6 45. Bc8 c4 46. bxc4 Bxa4 47.
Kd1 Bc6 48. Nxf5 Bxf3+ 49. Kc1 Bc5 50. Kb1 e4 51. Ng3 e3 52. Bg4 Bxg4 53. Ne4+
Ke5 54. Nxc3 Bd4 0-1

[Event "CAN-ch"]
[Site "Toronto CAN"]
[Date "2024.03.30"]
[Round "5.8"]
[White "Lawson, Eric"]
[Black "Le, Quang Long"]
[Result "1/2-1/2"]
[WhiteElo "2192"]
[BlackElo "2403"]
[PlyCount "88"]
[EventDate "2024.03.27"]
[EventType "swiss"]
[EventRounds "10"]
[EventCountry "CAN"]

1. e4 c5 2. Nf3 Nc6 3. d4 cxd4 4. Nxd4 e5 5. Nb5 d6 6. N1c3 a6 7. Na3 Be6 8.
Nc4 Rb8 9. a4 Nb4 10. Nd5 Bxd5 11. exd5 Nf6 12. g4 h6 13. Bg2 Nxg4 14. c3 Qh4
15. Be3 Rc8 16. h3 Rxc4 17. hxg4 Qxg4 18. O-O Qg6 19. cxb4 Rg4 20. Qf3 Be7 21.
Rfc1 O-O 22. Rc7 Bd8 23. Rxb7 f5 24. Kf1 h5 25. b5 a5 26. Rc1 e4 27. Qh3 Bf6
28. Qh1 Rh4 29. Bh3 f4 30. Qg2 Qh6 31. Rc8 Rxc8 32. Bxc8 fxe3 33. Be6+ Kf8 34.
Qg3 Qf4 35. Qxe3 Qxe3 36. fxe3 Rh1+ 37. Kg2 Rb1 38. b6 Rxb2+ 39. Kf1 Rb1+ 40.
Kg2 Bg5 41. Bd7 Rb2+ 42. Kh1 Rb1+ 43. Kg2 Rb2+ 44. Kh1 Rb1+ 1/2-1/2

[Event "CAN-ch"]
[Site "Toronto CAN"]
[Date "2024.03.31"]
[Round "7.12"]
[White "Lawson, Eric"]
[Black "Tanaka, Tyler"]
[Result "1-0"]
[WhiteElo "2192"]
[BlackElo "2256"]
[PlyCount "119"]
[EventDate "2024.03.27"]
[EventType "swiss"]
[EventRounds "10"]
[EventCountry "CAN"]

1. e4 e5 2. Nf3 Nc6 3. Bc4 Bc5 4. c3 Nf6 5. d3 O-O 6. O-O d5 7. exd5 Nxd5 8.
Re1 Bg4 9. Nbd2 Nb6 10. h3 Bh5 11. Bb3 Qxd3 12. Nxe5 Qf5 13. Nef3 Rae8 14. g4
Bxg4 15. hxg4 Qxg4+ 16. Kh1 Bxf2 17. Nh2 Rxe1+ 18. Qxe1 Qg3 19. Qf1 Re8 20.
Ndf3 Ne5 21. Qe2 Kf8 22. Bg5 Ng4 23. Qc2 Bc5 24. Bh4 Nf2+ 25. Qxf2 Bxf2 26.
Bxg3 Bxg3 27. Ng5 Re2 28. Nhf3 h6 29. Nxf7 Rxb2 30. Rg1 Bf2 31. Rf1 Ke7 32.
N7e5 Bg3 33. Nd3 Re2 34. Nd4 Rh2+ 35. Kg1 g6 36. Rf3 Bd6 37. Re3+ Kd8 38. Ne6+
Kd7 39. Nf8+ Kc6 40. Nxg6 Rd2 41. Nge5+ Bxe5 42. Nxe5+ Kb5 43. Nf3 Rb2 44. Nd4+
Kc5 45. Ne6+ Kd6 46. Rd3+ Kc6 47. Nd8+ Kb5 48. Nxb7 a5 49. Rd4 Rb1+ 50. Kf2 Rc1
51. a4+ Ka6 52. Nc5+ Ka7 53. Rd3 h5 54. Rh3 h4 55. Ke2 Rb1 56. Rxh4 Nd7 57.
Nxd7 Rxb3 58. Kd3 Ra3 59. Kc2 Ra2+ 60. Kb3 1-0

[Event "CAN-ch"]
[Site "Toronto CAN"]
[Date "2024.04.01"]
[Round "9.9"]
[White "Lawson, Eric"]
[Black "Stevens, Christian"]
[Result "1/2-1/2"]
[WhiteElo "2192"]
[BlackElo "2260"]
[PlyCount "50"]
[EventDate "2024.03.27"]
[EventType "swiss"]
[EventRounds "10"]
[EventCountry "CAN"]

1. e4 Nf6 2. e5 Nd5 3. c4 Nb6 4. d4 d6 5. exd6 cxd6 6. Nc3 g6 7. Bd3 Bg7 8.
Nge2 O-O 9. d5 e6 10. O-O Na6 11. Bf4 Nc5 12. Bg3 exd5 13. cxd5 Nxd3 14. Qxd3
Bf5 15. Qb5 Re8 16. Rfd1 Rc8 17. Nd4 Bg4 18. Rd3 Rc4 19. Nf3 Bf5 20. Rdd1 Rc5
21. Qb3 Nc4 22. Nd4 Na5 23. Qa3 Nc4 24. Qb3 Na5 25. Qa3 Nc4 1/2-1/2

[Event "RA March op"]
[Site "Ottawa CAN"]
[Date "2024.03.01"]
[Round "1.3"]
[White "Jiang, Barron Jiyu"]
[Black "Lawson, Eric"]
[Result "0-1"]
[WhiteElo "2020"]
[BlackElo "2337"]
[PlyCount "128"]
[EventDate "2024.03.01"]
[EventType "swiss"]
[EventRounds "5"]
[EventCountry "CAN"]

1. e4 c5 2. Nf3 d6 3. d4 cxd4 4. Nxd4 Nf6 5. Nc3 a6 6. Be2 e5 7. Nb3 Be7 8. Be3
Be6 9. O-O O-O 10. Qd3 Nbd7 11. Nd5 Bxd5 12. exd5 h5 13. f3 h4 14. c4 Nh5 15.
Rad1 Bg5 16. Qd2 Bxe3+ 17. Qxe3 Nf4 18. Kh1 Qg5 19. Qf2 f5 20. Nc1 Nf6 21. g3
hxg3 22. Qxg3 Qh6 23. Rg1 Rac8 24. Bf1 Kf7 25. Nd3 N6h5 26. Qg5 Qxg5 27. Rxg5
Kf6 28. Rg1 Nxd3 29. Rxd3 Rxc4 30. Rb3 Rc7 31. Rb6 Rd8 32. b3 Nf4 33. Bc4 g5
34. a4 Ng6 35. a5 Ne7 36. Re1 Nc8 37. Rb4 Rdd7 38. Kg1 Rc5 39. Ra1 Ne7 40. Be2
Nxd5 41. Rc4 Rxc4 42. bxc4 Nf4 43. Bf1 Ne6 44. Rb1 Nc5 45. Rd1 Ke6 46. Rd5 b6
47. axb6 Rb7 48. Rd2 Rxb6 49. Be2 a5 50. Kf2 a4 51. Ra2 Rb1 52. h3 f4 53. Ra3
e4 54. fxe4 Nxe4+ 55. Kf3 Rb3+ 56. Rxb3 Nd2+ 57. Kg4 axb3 58. Kxg5 b2 59. Bd3
f3 60. c5 dxc5 61. h4 b1=Q 62. Bxb1 Nxb1 63. h5 Kf7 64. Kh6 Kg8 0-1